Library Banner

پنجاب کے دہیات (Record no. 70447)

MARC details
000 -LEADER
fixed length control field 00474nam a22001577a 4500
005 - DATE AND TIME OF LATEST TRANSACTION
control field 20150427113210.0
008 - FIXED-LENGTH DATA ELEMENTS--GENERAL INFORMATION
fixed length control field 150427b xxu||||| |||| 00| 0 eng d
020 ## - INTERNATIONAL STANDARD BOOK NUMBER
International Standard Book Number 9698232141
040 ## - CATALOGING SOURCE
Transcribing agency PK-LaUMT
082 ## - DEWEY DECIMAL CLASSIFICATION NUMBER
Classification number KHC 306.0954914
Item number HUS-P
100 ## - MAIN ENTRY--PERSONAL NAME
Personal name حسین قسمت، محمد
245 ## - TITLE STATEMENT
Title پنجاب کے دہیات
Remainder of title ماضی کے آئینے میں
Statement of responsibility, etc محمد حسین قسمت
260 ## - PUBLICATION, DISTRIBUTION, ETC. (IMPRINT)
Place of publication, distribution, etc لاہور
Name of publisher, distributor, etc اظہار سنز
Date of publication, distribution, etc [N.D]
300 ## - PHYSICAL DESCRIPTION
Extent 151 ص
942 ## - ADDED ENTRY ELEMENTS (KOHA)
Koha item type Books
Holdings
Withdrawn status Lost status Damaged status Home library Current library Date acquired Full call number Barcode Date last seen Price effective from Koha item type
      UMT Main Campus UMT Main Campus 2015-04-27 KHC 306.0954914 HUS-P 71554 2015-04-27 2015-04-27 Books